000 01110cam a22002054a 4500
005 20250605164123.0
008 250528s ||||||||||||||||||||||||d
035 _a18371
020 _a805814949
040 _aGR-AtMCL
_bgre
_dGR-AtMCL
_eAACR2
245 1 _aThought and Knowledge / An Introduction to Critical Thinking: Third Edition
250 _a3rd
260 _bLawrence Erlbaum Associates, Publishers,
_c1996
300 _a434
520 _aThe theories and research of cognitive psychology to the development of critical thinking and learning skills. Preface, Thinking: An Introduction, Memory: The Acquisition and Retention and Retrieval of Knowledge, The Relationship Between Thought and Language Reasoning: Drawing Deductively Valid Conclusions, Analyzing Arguments, Thinking as Hypothesis Testing, Likelihood and Uncertainty: Understanding Probabilities, Decision Making, Development of Problem-Solving Skills, Creative Thinking, Suggested Readings, The Last Word, References, Author and Subject Index.
700 1 _aHalpern Diane F
_94350
942 _cBK
999 _c3733
_d3733